| 000 | 00458nam a2200145Ia 4500 | ||
|---|---|---|---|
| 005 | 20250528033443.0 | ||
| 008 | 240331s9999 xx 000 0 und d | ||
| 082 |
_a303.6 _bGUN |
||
| 100 | _aGunasekara, D | ||
| 245 | 0 |
_aRata dekada karanawada : _bnathnam walakwanawada? |
|
| 260 |
_aSri Lanka _bDivision of the Communist party of Sri Lanka _c1987 |
||
| 300 | _a32 p ., | ||
| 500 | _aDebate on the extension of the state of emergency on 22.10.1987 | ||
| 942 | _cL | ||
| 999 |
_c1283 _d1283 |
||